| 000 | 01106cam a2200205 a 4500 | ||
|---|---|---|---|
| 020 | _a9789251061510 | ||
| 020 | _a9251061513 | ||
| 040 | _cBTCTA | ||
| 082 | _a341 FOO 2009 A077 Or. | ||
| 100 | 1 | _aMorgera, Elisa | |
| 245 | 1 | 0 |
_aForest fires and the law : _ba guide for national drafters based on the Fire management voluntary guidelines / |
| 260 |
_aRome : _bFood and Agriculture Organization of the United Nations, _c2009 |
||
| 300 |
_axii, 161 p. ; _c24 cm |
||
| 520 | _aForest fires impact upon livelihoods, ecosystems and landscapes. The Fire Management Voluntary Guidelines address the cultural, social, environmental and economic dimensions of fire management at all levels. This study identifies the elements of a coherent national legal framework on forest fires, identifying emerging trends and singling out best practices and innovative legal solutions.--Publisher's description | ||
| 650 | 0 | _aForest fires | |
| 700 | 1 | _aCirelli, M. T. | |
| 710 | 2 | _aFood and Agriculture Organization of the United Nations. | |
| 856 | 1 | 1 | _uftp://ftp.fao.org/docrep/fao/011/i0488e/i0488e00.pdf |
| 942 | _cEK | ||
| 999 |
_c15510 _d15510 |
||